Statistics for Jumbled Flags

Click here to take the quiz!

General Stats

  • This quiz has been taken 14 times
  • The average score is 11 of 12

Answer Stats

HintContinentAnswer% Correct
dnacaaNorth AmericaCanada
100%
jifiOceaniaFiji
100%
rypugaaaSouth AmericaParaguay
100%
glbruiaaEuropeBulgaria
92%
ndaiiAsiaIndia
92%
altyiEuropeItaly
92%
ocemixNorth AmericaMexico
92%
bizoqeamumAfricaMozambique
92%
gilmnoaoAsiaMongolia
85%
illlsnsmrhaaasOceaniaMarshall Islands
77%
einramusSouth AmericaSuriname
77%
soafkarunibAfricaBurkina Faso
69%

Score Distribution

Percentile by Number Answered

Percent of People with Each Score

Your Score History

You have not taken this quiz